My Top 50 WWE Superstars and Divas of ALL time - Statistics

General Stats
  • This quiz has been taken 796 times
  • The average score is 12 of 50
Answer Stats
Answer % Correct
John Cena
72%
Undertaker
65%
Kane
55%
Randy Orton
55%
The Rock
55%
Hulk Hogan
51%
Lita
50%
Edge
49%
Trish Stratus
48%
Big Show
45%
Stone Cold Steve Austin
42%
Ric Flair
39%
CM Punk
38%
Chris Jericho
37%
Rey Mysterio
37%
Jeff hardy
36%
Christian
34%
Bret Hart
33%
Matt Hardy
30%
AJ Lee
29%
Randy Savage
29%
Eddie Guerrero
28%
Andre the Giant
27%
Chris Benoit
25%
Mick Foley
23%
Booker T
18%
JBL
18%
Natalya
17%
Owen Hart
16%
Vince McMahon
15%
Shane McMahon
14%
Diesel
13%
RVD
13%
Stephanie McMahon
12%
Roddy Piper
11%
Rikishi
10%
Bubba Ray Dudley
9%
Dvon Dudley
9%
Dusty Rhodes
8%
Eve Torres
6%
Road Dogg
6%
The Ultimate Warrior
6%
Billy Gunn
5%
Jerry Lawler
4%
Harley Race
1%
Pat Patterson
1%
Rocky Johnson
0%
Shawn Michaels
0%
Tony Atlas
0%
Triple H
0%
No matching quizzes found
Score Distribution
Percent of People with Each Score
Percentile by Number Answered
Your Score History
You have not taken this quiz